| 000 | 00613nam a2200217 a 4500 | ||
|---|---|---|---|
| 005 | 20140310183502.0 | ||
| 008 | 100920s19uu xx 00 eng d | ||
| 020 | _a0721689892 | ||
| 050 |
_aRC 440 _b.M734 2006 |
||
| 100 | _aMonahan, Frances D. | ||
| 245 |
_aA Practical guide to health assessment. / _cFrances Donovan Monahan. |
||
| 250 | _a2nd ed. | ||
| 260 |
_aNew York : _bW.B. Saunders Company, _c2006. |
||
| 300 |
_a516 p. : _bill. ; _c21 cm. |
||
| 521 | _aNUR | ||
| 650 | _aNursing | ||
| 650 | _aHealth assessment | ||
| 700 | _aFrances Donovan Monahan | ||
| 942 |
_cBK _2lcc _kFOR |
||
| 999 |
_c23948 _d23948 |
||